000 00799nam a2200241Ia 4500
003 GCL
008 140319s9999 xx 000 0 ara d
020 _a2357270977
040 _aGCL /
_cGCL
082 0 4 _a833.01
_bهـ أ
100 1 _aهسه، هيرمان
245 1 0 _aاحلام الناى FLOTE TRAUME /
_cهسه، هيرمان
700 1 _aمحمد فؤاد عطا الله
250 _aالاولى
260 _aالقاهرة :
_bالدار المصرية اللبنانية ،
_c1997
300 _a153 ص ؛
_c22 سم
490 _aروايات جائزة نوبل
_v10
650 0 4 _aالقصص القصيرة
650 0 4 _aالادب الالمانى
650 0 4 _aالقصص الالمانية
650 0 4 _aالقصص الالمانية القصيرة
942 _2ddc
_cBK
999 _c5030
_d5030